000 01492nam a2200361 i 4500
001 000000484
003 DO-SdBNP
005 20260225080702.0
007 ta
008 081028s2007 dr 000 0 spa d
020 _a9789993458555
040 _aDO-SdBNP
_bspa
_cBNPHU
_erda
041 _aspa
082 4 _a170
_bS232r
_222
100 1 _aSantana, Manuel,
_eautor
_4aut.
_91606
245 1 0 _aReflexiones /
_cManuel Santana ; prólogo, Adalberto Johnson.
264 1 _aSanto Domingo :
_bCentenario,
_c2007.
300 _a145 páginas :
_b22 cm.
336 _atexto
_btxt
_2rdacontent
337 _asin mediación
_bn
_2rdamedia
338 _avolumen
_bnc
_2rdacarrier
505 0 _aPrólogo --
_tReflexiones --
_tLey de acción y reacción --
_tLa primera ley del cielo --
_tEstado de conciencia --
_tCultura y tecnología --
_tLos factores emocionales de la inflación --
_tLa gerencia moderna --
_tLa vida sin reflexión es defunción --
_tQué es progreso.
520 _aEste es un libro que demuestra los secretos para aprender las lecciones del pasado, elevar tus metas y aprender a vivir positivamente.
590 _aInventariado, 2018/MFF
650 4 _aAutorrealización (Psicología)
_9211
650 7 _aConducta de vida
_2LIBRUNAM
_911947
650 4 _aConducta (Psicología)
_9673
650 4 _aEducación moral
_91607
650 4 _aÉtica cristiana
_9389
700 1 _aJohnson, Adalberto,
_eprologuista
_4pr.
_91608
910 _aValidado. Control de calidad EMS
942 _2ddc
_cLBS1
999 _c482
_d482